[Event "Maharashtra op 3rd"]
[Site "Hadapsar"]
[Date "2025.04.20"]
[Round "1"]
[White "Mummana, Venkata Ruthvik"]
[Black "Tologontegin, Semetey"]
[Result "1-0"]
[WhiteElo "2190"]
[BlackElo "2358"]
[PlyCount "69"]
[EventDate "2025.04.20"]
[EventType "swiss"]
[EventRounds "10"]
[EventCountry "IND"]
[SourceTitle "CB18_2025"]
[SourceDate "2025.04.30"]
[SourceVersion "1"]
[SourceVersionDate "2025.04.30"]
[SourceQuality "1"]

1. e4 Nf6 2. e5 Nd5 3. d4 d6 4. Nf3 dxe5 5. Nxe5 c6 6. Bc4 Nd7 7. Nxd7 Bxd7 8. 0-0 g6 9. Nd2 Bg7 10. Nf3 Bg4 11. c3 0-0 12. h3 Bxf3 13. Qxf3 b5 14. Bb3 e6 15. Re1 Re8 16. Bd2 h6 17. g3 a5 18. h4 a4 19. Bc2 a3 20. b3 h5 21. Rad1 Qf6 22. Qg2 Bf8 23. Be4 Rec8 24. c4 bxc4 25. bxc4 Nb4 26. Bxb4 Bxb4 27. Re3 Ra6 28. c5 Rd8 29. Red3 e5 30. dxe5 Rxd3 31. Bxd3 Qd8 32. Be2 Qa5 33. Bxa6 Qxa6 34. Rd8+ Kg7 35. Qf3 1-0

[Event "IND-chT 44th"]
[Site "Ahmedabad"]
[Date "2025.03.08"]
[Round "6.2"]
[White "Prashanth, J Naik"]
[Black "Mummana, Venkata Ruthvik"]
[Result "1/2-1/2"]
[WhiteElo "1962"]
[BlackElo "2201"]
[PlyCount "60"]
[EventDate "2025.03.05"]
[EventType "team-swiss"]
[EventRounds "9"]
[EventCountry "IND"]
[SourceTitle "CB12_2025"]
[SourceDate "2025.03.19"]
[SourceVersion "1"]
[SourceVersionDate "2025.03.19"]
[SourceQuality "1"]
[WhiteTeam "Karnataka"]
[BlackTeam "Andhra Pradesh"]
[WhiteTeamCountry "IND"]
[BlackTeamCountry "IND"]

1. d4 Nf6 2. Bf4 g6 3. Nc3 d5 4. e3 Bg7 5. h4 h5 6. Nf3 0-0 7. Be2 c5 8. dxc5 Qa5 9. 0-0 Qxc5 10. Nb5 a6 11. Nc7 Ra7 12. Nb5 axb5 13. Bxb8 Ra8 14. Be5 Bd7 15. c3 Ne4 16. Bxg7 Kxg7 17. Qd4+ Qxd4 18. Nxd4 Nd6 19. a3 Rfd8 20. Rad1 Bc6 21. g3 e6 22. Nf3 Nc4 23. Bxc4 dxc4 24. Nd4 e5 25. Nxc6 bxc6 26. e4 Kf8 27. Kg2 Kg7 28. Kg1 Kf8 29. Kg2 Kg7 30. Kg1 Kf8 1/2-1/2

[Event "Piacenza op 2nd"]
[Site "Piacenza"]
[Date "2024.09.27"]
[Round "2"]
[White "Glek, Igor Vladimirovich"]
[Black "Mummana, Venkata Ruthvik"]
[Result "1-0"]
[WhiteElo "2402"]
[BlackElo "2196"]
[PlyCount "75"]
[EventDate "2024.09.27"]
[EventType "swiss"]
[EventRounds "6"]
[EventCountry "ITA"]
[SourceTitle "EXT 2025"]
[Source "ChessBase"]
[SourceDate "2024.10.14"]
[SourceVersion "1"]
[SourceVersionDate "2024.10.14"]
[SourceQuality "1"]

1. e4 e6 2. d3 d6 3. f4 g6 4. Nf3 Bg7 5. d4 Ne7 6. Bd3 0-0 7. 0-0 Nd7 8. c3 c5 9. Be3 Nc6 10. Nbd2 Rb8 11. Qe2 a6 12. a3 b5 13. b4 Bb7 14. dxc5 dxc5 15. e5 c4 16. Bc2 f6 17. exf6 Nxf6 18. Rad1 Qc7 19. Bc5 Rfe8 20. Ne4 Nxe4 21. Bxe4 Rbd8 22. Qe3 Qc8 23. Ng5 Bf6 24. Qg3 Bxg5 25. Qxg5 Rxd1 26. Rxd1 Rd8 27. Re1 Rd7 28. f5 Qd8 29. Qg3 exf5 30. Bxf5 Rd1 31. Bg4 Rxe1+ 32. Qxe1 Bc8 33. Bf3 Qd7 34. h3 Nd8 35. Bd5+ Nf7 36. Qe5 Bb7 37. Bd4 Kf8 38. Qg7+ 1-0

[Event "Piacenza op 2nd"]
[Site "Piacenza"]
[Date "2024.09.27"]
[Round "1"]
[White "Mummana, Venkata Ruthvik"]
[Black "Ceccarini, Marco"]
[Result "1-0"]
[WhiteElo "2196"]
[BlackElo "2010"]
[PlyCount "141"]
[EventDate "2024.09.27"]
[EventType "swiss"]
[EventRounds "6"]
[EventCountry "ITA"]
[SourceTitle "EXT 2025"]
[Source "ChessBase"]
[SourceDate "2024.10.14"]
[SourceVersion "1"]
[SourceVersionDate "2024.10.14"]
[SourceQuality "1"]

1. e4 e5 2. Nf3 Nc6 3. Nc3 Nf6 4. Bb5 Nd4 5. Nxd4 exd4 6. e5 dxc3 7. exf6 Qxf6 8. dxc3 Qe5+ 9. Be2 Bc5 10. 0-0 0-0 11. Bd3 d6 12. Qf3 Be6 13. Bf4 Qf6 14. Rae1 Rfe8 15. Re4 Bf5 16. Rxe8+ Rxe8 17. Bg3 Bxd3 18. Qxf6 gxf6 19. cxd3 b5 20. Rb1 Bb6 21. Kf1 d5 22. Rd1 Re6 23. f4 f5 24. Bf2 Bxf2 25. Kxf2 c5 26. Ra1 Ra6 27. Ke3 Kf8 28. a3 Ke7 29. Rf1 Re6+ 30. Kd2 Rh6 31. Rh1 Rg6 32. g3 h5 33. b4 Kd6 34. Re1 cxb4 35. axb4 a6 36. Ra1 Kd7 37. Ke3 h4 38. gxh4 Rg2 39. Rxa6 Rxh2 40. Rf6 Rxh4 41. Rxf7+ Ke6 42. Rb7 Rh3+ 43. Kd4 Rf3 44. Rb6+ Ke7 45. Rxb5 Rxf4+ 46. Ke5 Rf1 47. Rb7+ Ke8 48. Kxd5 f4 49. Kd4 Re1 50. Rb5 Kd7 51. Rf5 Rf1 52. Ke4 Rc1 53. c4 Rb1 54. b5 Kd6 55. Rxf4 Kc5 56. Rf5+ Kb6 57. Kd4 Kc7 58. Kc5 Re1 59. Rf7+ Kc8 60. d4 Re6 61. d5 Re8 62. b6 Rd8 63. d6 Kb8 64. Kd5 Rh8 65. c5 Rg8 66. Kc6 Rc8+ 67. Kb5 Rh8 68. Re7 Rc8 69. d7 Rd8 70. Re8 Kb7 71. c6+ 1-0

[Event "IND-ch 60th"]
[Site "Pune"]
[Date "2023.08.26"]
[Round "11"]
[White "Mehar, Chinna Reddy CH"]
[Black "Mummana, Venkata Ruthvik"]
[Result "1/2-1/2"]
[WhiteElo "2384"]
[BlackElo "1829"]
[PlyCount "92"]
[EventDate "2023.08.16"]
[EventType "swiss"]
[EventRounds "11"]
[EventCountry "IND"]
[SourceTitle "CBM 216 Extra"]
[Source "ChessBase"]
[SourceDate "2023.11.30"]
[SourceVersion "1"]
[SourceVersionDate "2023.11.30"]
[SourceQuality "1"]

1. d4 Nf6 2. Bf4 g6 3. Nc3 d5 4. e3 Bg7 5. h4 c5 6. Nb5 Na6 7. c3 h5 8. Be2 Bd7 9. a4 0-0 10. Nf3 Ng4 11. Ne5 Nxe5 12. dxe5 Bc6 13. g4 d4 14. Rg1 dxc3 15. bxc3 Qxd1+ 16. Bxd1 hxg4 17. Bxg4 f6 18. exf6 Bxf6 19. Be6+ Kh7 20. Ke2 Rad8 21. f3 Bd5 22. Bxd5 Rxd5 23. Rad1 Rfd8 24. Rxd5 Rxd5 25. Rb1 c4 26. Nxa7 Ra5 27. Rxb7 Rxa4 28. Nc6 Nc5 29. Rb4 Bxh4 30. Rxa4 Nxa4 31. Be5 Bf6 32. Bd4 Nxc3+ 33. Bxc3 Bxc3 34. Nxe7 g5 35. Nd5 Be5 36. Nb6 c3 37. Kd3 Kg6 38. Nd5 Kf5 39. e4+ Ke6 40. Nxc3 Bxc3 41. Kxc3 Ke5 42. Kd3 Kf4 43. Ke2 g4 44. fxg4 Kxe4 45. g5 Kf5 46. g6 Kxg6 1/2-1/2

[Event "Bhubaneswar op-A 14th"]
[Site "Bhubaneswar"]
[Date "2023.06.18"]
[Round "10"]
[White "Priansh, Das"]
[Black "Mummana, Venkata Ruthvik"]
[Result "1/2-1/2"]
[WhiteElo "1851"]
[BlackElo "1737"]
[PlyCount "108"]
[EventDate "2023.06.11"]
[EventType "swiss"]
[EventRounds "10"]
[EventCountry "IND"]
[SourceTitle "CBM 214 Extra"]
[Source "ChessBase"]
[SourceDate "2023.07.31"]
[SourceVersion "1"]
[SourceVersionDate "2023.07.31"]
[SourceQuality "1"]

1. Nf3 Nf6 2. g3 g6 3. Bg2 Bg7 4. 0-0 0-0 5. d3 d6 6. c3 Nc6 7. Nbd2 e5 8. b4 Ne8 9. Bb2 h6 10. e4 f5 11. Nh4 Kh7 12. exf5 gxf5 13. f4 Bf6 14. b5 Ne7 15. fxe5 dxe5 16. Ndf3 e4 17. dxe4 Qxd1 18. Raxd1 fxe4 19. Ne5 Nd6 20. c4 Bg4 21. Nxg4 Bxb2 22. Rxf8 Rxf8 23. c5 Nxb5 24. Rd7 Rf7 25. Bxe4+ Kg7 26. Bd3 c6 27. a4 h5 28. axb5 hxg4 29. Bc4 Nd5 30. Nf5+ Kf6 31. Rxf7+ Kxf7 32. Nd6+ Ke7 33. Nxb7 Bd4+ 34. Kh1 Ne3 35. Be2 cxb5 36. Bxb5 Ke6 37. c6 Bb6 38. Nc5+ Kd6 39. Na6 Nd5 40. Be2 Nf6 41. Bb5 Nd5 42. Kg2 Nc3 43. c7 Bxc7 44. Nxc7 Kxc7 45. Bc4 Kd6 46. Ba6 Ne4 47. Bd3 Ke5 48. Be2 Kf5 49. Ba6 Kg5 50. Kf1 Nc5 51. Bc4 Nd7 52. Kf2 Ne5 53. Ba6 Kf5 54. Ke3 Kg5 1/2-1/2

[Event "Bhubaneswar op-A 14th"]
[Site "Bhubaneswar"]
[Date "2023.06.11"]
[Round "1"]
[White "Szpar, Milosz"]
[Black "Mummana, Venkata Ruthvik"]
[Result "1-0"]
[WhiteElo "2447"]
[BlackElo "1737"]
[PlyCount "84"]
[EventDate "2023.06.11"]
[EventType "swiss"]
[EventRounds "10"]
[EventCountry "IND"]
[SourceTitle "CBM 214 Extra"]
[Source "ChessBase"]
[SourceDate "2023.07.31"]
[SourceVersion "1"]
[SourceVersionDate "2023.07.31"]
[SourceQuality "1"]

1. c4 Nf6 2. Nc3 g6 3. e4 d6 4. d4 Bg7 5. Nf3 0-0 6. h3 e5 7. d5 a5 8. g4 Na6 9. Be3 Nc5 10. Nd2 Ne8 11. h4 f5 12. gxf5 gxf5 13. exf5 Bxf5 14. h5 h6 15. Bxc5 dxc5 16. Nde4 Nd6 17. Nxc5 e4 18. Qd2 Qf6 19. Rg1 e3 20. fxe3 Qh4+ 21. Qf2 Qxf2+ 22. Kxf2 Bd3+ 23. Kg2 Bxf1+ 24. Raxf1 Nxc4 25. Rf3 Kh8 26. Ne6 Rg8 27. Kh1 Be5 28. Ne4 Rxg1+ 29. Kxg1 Rg8+ 30. Kf2 Nxb2 31. Nf6 Nd1+ 32. Ke2 Rg1 33. Ne4 Nb2 34. Rf7 Rh1 35. Nxc7 Nc4 36. Ne8 Rh2+ 37. Kf3 Rh3+ 38. Kg4 Rxe3 39. Kf5 Kg8 40. Re7 Kf8 41. Re6 Kf7 42. Nc5 Rf3+ 1-0

[Event "Eastern Asia-ch U12"]
[Site "Tornelo INT"]
[Date "2021.10.31"]
[Round "7"]
[White "Helmy, Muhammad Adnin Nuay"]
[Black "Mummana, Venkata Ruthvik"]
[Result "1/2-1/2"]
[WhiteElo "1244"]
[BlackElo "1511"]
[PlyCount "153"]
[EventDate "2021.10.29"]
[EventType "swiss"]
[EventRounds "9"]
[EventCountry "NET"]
[SourceTitle "EXT 2023"]
[Source "ChessBase"]
[SourceDate "2022.10.05"]
[SourceVersion "1"]
[SourceVersionDate "2022.10.05"]
[SourceQuality "1"]

1. Nf3 Nf6 2. c4 g6 3. g3 Bg7 4. Bg2 0-0 5. Nc3 d6 6. Rb1 a5 7. a3 Nc6 8. b4 e5 9. d3 Nd7 10. Nd5 f5 11. b5 Ne7 12. Bg5 Nf6 13. Nxf6+ Bxf6 14. Bh6 Bg7 15. Bxg7 Kxg7 16. Nd2 Rb8 17. Qc2 b6 18. Qb2 Kg8 19. Qb3 Be6 20. Qb2 h6 21. Rc1 Kh7 22. Nb1 Ng8 23. Nc3 Nf6 24. Nd5 Nd7 25. 0-0 Nc5 26. Qc2 Qd7 27. f4 Bxd5 28. Bxd5 Qe7 29. Rce1 exf4 30. gxf4 Qe3+ 31. Kh1 Rbe8 32. Rf3 Qd4 33. Kg2 Re3 34. Ref1 Rfe8 35. R1f2 Rxf3 36. Rxf3 Re3 37. Qd2 Rxf3 38. Bxf3 Kg7 39. Bd5 a4 40. Kf3 Qa1 41. Qe3 Kf8 42. Bc6 Qf1+ 43. Kg3 Qe1+ 44. Kf3 Qf1+ 45. Kg3 Qe1+ 46. Kf3 Qh4 47. d4 Qh3+ 48. Kf2 Qxe3+ 49. Kxe3 Nb3 50. Kd3 Ke7 51. h3 g5 52. Bf3 gxf4 53. e3 fxe3 54. Kxe3 Kf6 55. h4 Na5 56. Kd3 Kg6 57. Be2 Kf6 58. Bf3 f4 59. Bg4 Kg6 60. d5 Kf6 61. Kd4 Nb3+ 62. Ke4 Nd2+ 63. Kd3 Nb1 64. Bd1 f3 65. Bxf3 Nxa3 66. Bd1 Ke5 67. Bxa4 Kf4 68. Bd1 Ke5 69. Be2 Kf4 70. h5 Ke5 71. Kc3 Ke4 72. Kb2 Ke3 73. Bf1 Kf2 74. Bd3 Ke3 75. Bf1 Kf2 76. Bd3 Ke3 77. Bf1 1/2-1/2

[Event "Eastern Asia-ch U12"]
[Site "Tornelo INT"]
[Date "2021.10.31"]
[Round "8"]
[White "Mummana, Venkata Ruthvik"]
[Black "Baidauletov, Ramzan"]
[Result "0-1"]
[WhiteElo "1511"]
[BlackElo "1266"]
[PlyCount "58"]
[EventDate "2021.10.29"]
[EventType "swiss"]
[EventRounds "9"]
[EventCountry "NET"]
[SourceTitle "EXT 2023"]
[Source "ChessBase"]
[SourceDate "2022.10.05"]
[SourceVersion "1"]
[SourceVersionDate "2022.10.05"]
[SourceQuality "1"]

1. e4 d6 2. d4 Nf6 3. Nc3 c6 4. Bd3 Qa5 5. Nge2 e5 6. 0-0 Be7 7. Kh1 0-0 8. f4 Nbd7 9. dxe5 dxe5 10. Ng3 exf4 11. Bxf4 Re8 12. Qd2 Nc5 13. e5 Nxd3 14. cxd3 Nd5 15. Qf2 Be6 16. Nce4 Rad8 17. Bg5 Bxg5 18. Nxg5 Qc7 19. d4 f6 20. Nxe6 Rxe6 21. Rae1 fxe5 22. Rxe5 Rf6 23. Rf5 Rdf8 24. Qe2 Rxf5 25. Rxf5 Rxf5 26. Nxf5 Qf7 27. Nd6 Qg6 28. Qe8+ Qxe8 29. Nxe8 b5 0-1

[Event "Eastern Asia-ch U12"]
[Site "Tornelo INT"]
[Date "2021.10.29"]
[Round "1"]
[White "Kumar Sarma, Himanish"]
[Black "Mummana, Venkata Ruthvik"]
[Result "0-1"]
[WhiteElo "1052"]
[BlackElo "1511"]
[PlyCount "68"]
[EventDate "2021.10.29"]
[EventType "swiss"]
[EventRounds "9"]
[EventCountry "NET"]
[SourceTitle "EXT 2023"]
[Source "ChessBase"]
[SourceDate "2022.10.05"]
[SourceVersion "1"]
[SourceVersionDate "2022.10.05"]
[SourceQuality "1"]

1. d4 Nf6 2. Nf3 g6 3. Bf4 Bg7 4. e3 0-0 5. Be2 d6 6. 0-0 Nbd7 7. h3 c5 8. c3 b6 9. Nbd2 Bb7 10. Qc2 Nd5 11. Bg3 e5 12. dxe5 dxe5 13. Nc4 Qe7 14. Rfd1 Rfd8 15. Rd2 f5 16. Bh4 Bf6 17. Bxf6 N5xf6 18. Rad1 Ne4 19. Rd3 Ba6 20. Rd5 Bb7 21. R5d3 a5 22. a4 Rab8 23. Qb3 Kg7 24. Nd6 Ba6 25. Nb5 Rbc8 26. c4 Bb7 27. Nd6 Rb8 28. Nxb7 Rxb7 29. Qb5 Nef6 30. Rd6 Ne8 31. R6d5 Nc7 32. Rxd7 Nxb5 33. Rxe7+ Rxe7 34. Rxd8 Nc7 0-1